00964cam a22002651 4500001001300000003000400013005001700017008004100034010001700075035001900092040004300111042001200154050001800166100002200184245011300206260006400319300005200383410004200435500004900477504002800526650003500554650005500589650003700644999001700681gs 65000360 DLC20260227111417.0770119s1965 xx 000 0 eng c ags 65000360  a(OCoLC)2688422 aU.S. Geol. Survey. Library.cTxEUdDLC apremarc00aQE138.C55bB41 aBeal, Laurence H.10aGeology and mineral deposits of the Bunkerville mining district, Clark County, Nevada,cby Laurence H. Beal. aReno,bMackay School of Mines, University of Nevada,c1965. avii, 96 p.billus., maps (2 fold. col.)c23 cm.20aNevada Bureau of Mines.tBulletinv63 aPart of illustrative matter fold. in pocket. aBibliography: p. 87-89. 0aGeologyzNevadazClark County. 0aMines and mineral resourceszNevadazClark County. 0aPetrologyzNevadazClark County. c30103d30103